000
00299nam a2200145Ia 4500
100
_a
Sathe/Shaileesh R
650
_a
Algorithms
942
_c
BK
366
_f
25
245
_a
Foundations of algorithms
260
_b
Penram
_c
2014
300
_a
418
546
_a
ENGLISH
_c
Computers
999
_c
34968
_d
34968